000 01282nam a2200241Ia 4500
003 Ost
005 20260507075230.0
008 260507s9999||||xx |||||||||||||| ||und||
040 _cfsecg
041 _aara
082 _a330
100 _aالعلاق، بشير
_eمؤلف
245 0 _aتنمية المهارات :
_bالاشرافية و القيادية /
_c بشير العلاق
260 _aعمان:
_bدار اليازوري,
_c2009
300 _a236 صفحة؛
_c24 سم
504 _aمراجع ص.263
520 _aمهارات التخطيط و أساليب اتخاذ القرارات الفعالة، أهمية التخطيط و مقوماته ، أبرز أنواع الخطط التي يعتمدها المشرفون لتحقيق أهداف منظماتهم ، مهارات التوجيه و اركانه المتمثلة بالاتصال و القيادة و الحفز ، الرقابة من حيث المفهوم و الآليات ، أساليب تنمية المهارات الاداية و السلوكية ، مع توفير دراسات حالة و تمارين متعددة.
653 _aإتخاذ القرارات- الإدارة
653 _aالإبداع
653 _aالتخطيط
653 _aالقيادة
942 _cكتاب
999 _c43556
_d43556